[Event "Benasque op 44th"]
[Site "Benasque"]
[Date "2025.07.13"]
[Round "10"]
[White "Ohanyan, Emin"]
[Black "Vocaturo, Daniele"]
[Result "0-1"]
[WhiteElo "2491"]
[BlackElo "2575"]
[PlyCount "70"]
[EventDate "2025.07.04"]
[EventType "swiss"]
[EventRounds "10"]
[EventCountry "ESP"]
[SourceTitle "CB29_2025"]
[SourceDate "2025.07.16"]
[SourceVersion "1"]
[SourceVersionDate "2025.07.16"]
[SourceQuality "1"]

1. d4 Nf6 2. Nf3 d5 3. c4 e6 4. Nc3 Nbd7 5. Bf4 Bb4 6. cxd5 exd5 7. e3 Ne4 8. Rc1 g5 9. Bg3 h5 10. h4 Nxg3 11. fxg3 gxh4 12. gxh4 Qe7 13. Qd2 Nf6 14. Bd3 Be6 15. Ne5 Nd7 16. Nxd7 Qxd7 17. a3 Bd6 18. Qf2 Rg8 19. Kd2 0-0-0 20. Be2 Bg3 21. Qf1 Qe7 22. Na4 c6 23. Nc5 Kb8 24. Rc3 Ka8 25. b4 Bxh4 26. a4 Bg3 27. Rxh5 Bd6 28. a5 Bg4 29. Bxg4 Rxg4 30. b5 Bxc5 31. Rxc5 Qe4 32. Re5 Rxg2+ 33. Kc1 Qg6 34. Qf5 Qg3 35. Kd1 Qh2 0-1

[Event "Sharjah Masters-A 8th"]
[Site "Sharjah"]
[Date "2025.05.20"]
[Round "4"]
[White "Karthik, Venkataraman"]
[Black "Ohanyan, Emin"]
[Result "1/2-1/2"]
[WhiteElo "2565"]
[BlackElo "2503"]
[PlyCount "106"]
[EventDate "2025.05.17"]
[EventType "swiss"]
[EventRounds "9"]
[EventCountry "UAE"]
[SourceTitle "CB22_2025"]
[SourceDate "2025.05.28"]
[SourceVersion "1"]
[SourceVersionDate "2025.05.28"]
[SourceQuality "1"]

1. d4 d5 2. c4 c6 3. cxd5 cxd5 4. Bf4 Nf6 5. e3 Nc6 6. Bd3 Bg4 7. f3 Bh5 8. Qb3 Qb6 9. Qxb6 axb6 10. Nc3 Bg6 11. Bb5 e6 12. Nge2 Bb4 13. Kf2 Ke7 14. Rhc1 Na7 15. a3 Bd6 16. Bxd6+ Kxd6 17. Nf4 Nh5 18. Nxg6 hxg6 19. e4 Nf4 20. Bf1 g5 21. e5+ Ke7 22. Na4 Rac8 23. Nxb6 Rc6 24. Rxc6 Nxc6 25. Rd1 Rxh2 26. b4 f6 27. b5 Na5 28. Kg1 Rh6 29. Rc1 fxe5 30. Rc7+ Kd8 31. Rc8+ Ke7 32. dxe5 Ng6 33. Ra8 Nb3 34. Rg8 Na5 35. Ra8 Nb3 36. a4 Rh8 37. Rxh8 Nxh8 38. Nc8+ Kf8 39. Nd6 Na5 40. Bd3 Nf7 41. Nxf7 Kxf7 42. Kf2 b6 43. Ke3 Nb3 44. Bc2 Na5 45. Kd4 Nb7 46. g3 Na5 47. f4 gxf4 48. gxf4 g6 49. Bd1 Nb7 50. Bb3 Na5 51. Ba2 Ke7 52. Bb1 Kf7 53. Ba2 Ke7 1/2-1/2

[Event "Saint Louis Spring-B"]
[Site "Saint Louis"]
[Date "2025.04.29"]
[Round "9"]
[White "Ohanyan, Emin"]
[Black "Swiercz, Dariusz"]
[Result "1/2-1/2"]
[WhiteElo "2503"]
[BlackElo "2569"]
[PlyCount "211"]
[EventDate "2025.04.21"]
[EventType "tourn"]
[EventRounds "9"]
[EventCountry "USA"]
[EventCategory "11"]
[SourceTitle "CB18_2025"]
[SourceDate "2025.04.30"]
[SourceVersion "1"]
[SourceVersionDate "2025.04.30"]
[SourceQuality "1"]

1. d4 d5 2. Nf3 Nf6 3. c3 c6 4. Qc2 g6 5. Bf4 Bf5 6. Qb3 Qb6 7. h3 Bg7 8. Nbd2 Nbd7 9. e3 0-0 10. Nh4 Be6 11. Bd3 c5 12. Qa3 Qc6 13. 0-0 Rfc8 14. Nhf3 a5 15. Ne5 Nxe5 16. Bxe5 Ne4 17. Bxg7 Nxd2 18. Rfd1 Nf3+ 19. gxf3 Kxg7 20. Qxc5 Qxc5 21. dxc5 Rxc5 22. h4 Kf6 23. Kh2 Bf5 24. Be2 Bd7 25. f4 Bb5 26. Bf3 e6 27. Rd4 a4 28. a3 Bc4 29. e4 Ra6 30. exd5 exd5 31. Kg3 Rb6 32. Rd2 Rcb5 33. Rb1 Ba2 34. Ra1 Bc4 35. Rb1 Rb3 36. Bxd5 Bxd5 37. Rxd5 Rxc3+ 38. bxc3 Rxb1 39. Rd4 b5 40. c4 Rb3+ 41. f3 bxc4 42. Rxc4 Rxa3 43. Rc6+ Kf5 44. Ra6 Ra1 45. Ra5+ Ke6 46. f5+ Kf6 47. Kf4 a3 48. Ra6+ Kg7 49. f6+ Kh6 50. Ra7 a2 51. Ra5 Re1 52. Rxa2 Re6 53. Ra7 Rxf6+ 54. Kg4 Rf5 55. Rb7 Kg7 56. Ra7 Rb5 57. Ra6 Re5 58. Kf4 Re6 59. Ra7 Kf6 60. Ra4 Rb6 61. Rc4 Rb5 62. Rc6+ Kg7 63. Rc7 Rb4+ 64. Kg3 Rd4 65. Ra7 Kf6 66. Ra6+ Kf5 67. Ra5+ Ke6 68. Ra6+ Rd6 69. Ra5 h6 70. Ra4 Rd5 71. Kf4 f6 72. Ra6+ Rd6 73. Ra4 f5 74. Ra8 Rd4+ 75. Kg3 g5 76. hxg5 hxg5 77. Rg8 Kf6 78. Rf8+ Kg6 79. Rg8+ Kh6 80. Rf8 Rd5 81. Ra8 Rd3 82. Ra6+ Kh5 83. Rf6 f4+ 84. Kg2 Rd2+ 85. Kh3 Rd1 86. Kg2 Rd3 87. Rf8 Kg6 88. Rg8+ Kf6 89. Rf8+ Kg7 90. Ra8 Kf7 91. Rb8 Re3 92. Ra8 Ke6 93. Rg8 Kf6 94. Rf8+ Ke5 95. Rg8 Kf6 96. Rf8+ Ke5 97. Rg8 Re2+ 98. Kf1 Rd2 99. Rxg5+ Kd4 100. Ke1 Ra2 101. Rb5 Ke3 102. Rb3+ Kd4 103. Rb4+ Ke3 104. Rb3+ Kd4 105. Rb4+ Ke3 106. Rb3+ 1/2-1/2

[Event "Saint Louis Spring-B"]
[Site "Saint Louis"]
[Date "2025.04.22"]
[Round "2"]
[White "Mardov, Dimitar"]
[Black "Ohanyan, Emin"]
[Result "1/2-1/2"]
[WhiteElo "2516"]
[BlackElo "2503"]
[PlyCount "92"]
[EventDate "2025.04.21"]
[EventType "tourn"]
[EventRounds "9"]
[EventCountry "USA"]
[EventCategory "11"]
[SourceTitle "CB18_2025"]
[SourceDate "2025.04.30"]
[SourceVersion "1"]
[SourceVersionDate "2025.04.30"]
[SourceQuality "1"]

1. Nf3 d5 2. e3 Nf6 3. b3 Bf5 4. Be2 h6 5. Ba3 Nbd7 6. 0-0 e6 7. Bxf8 Kxf8 8. c4 Bxb1 9. Rxb1 g6 10. cxd5 exd5 11. Qc2 Kg7 12. b4 c6 13. Nd4 Qe7 14. Rfc1 Rhc8 15. Qc3 c5 16. bxc5 Rxc5 17. Qa3 Rxc1+ 18. Qxc1 Qc5 19. Qxc5 Nxc5 20. Rc1 b6 21. Nc6 Rc8 22. Nd4 Nfe4 23. Rc2 Nd6 24. Kf1 Kf6 25. Bg4 Ne6 26. Rxc8 Nxc8 27. Nc6 a5 28. Ke2 Nd6 29. f4 h5 30. Bf3 d4 31. Bd5 dxe3 32. dxe3 Nc5 33. Kf3 g5 34. e4 Nb5 35. e5+ Kg7 36. Nd8 f6 37. exf6+ Kxf6 38. fxg5+ Kxg5 39. Ke3 Kf6 40. Nc6 Nc3 41. Kd4 Nb5+ 42. Ke3 Nc3 43. Kd4 Nb5+ 44. Ke3 Nc3 45. Kd4 Nb5+ 46. Ke3 Nc3 1/2-1/2

[Event "Saint Louis Spring-B"]
[Site "Saint Louis"]
[Date "2025.04.21"]
[Round "1"]
[White "Kacharava, Nikoloz"]
[Black "Ohanyan, Emin"]
[Result "1/2-1/2"]
[WhiteElo "2521"]
[BlackElo "2503"]
[PlyCount "44"]
[EventDate "2025.04.21"]
[EventType "tourn"]
[EventRounds "9"]
[EventCountry "USA"]
[EventCategory "11"]
[SourceTitle "CB18_2025"]
[SourceDate "2025.04.30"]
[SourceVersion "1"]
[SourceVersionDate "2025.04.30"]
[SourceQuality "1"]

1. d4 d5 2. c4 c6 3. Nf3 Nf6 4. Nc3 dxc4 5. a4 Bf5 6. Ne5 e6 7. f3 c5 8. e4 cxd4 9. exf5 Nc6 10. Nxc6 bxc6 11. fxe6 d3 12. Be3 Nd5 13. Nxd5 Qxd5 14. b3 Qe5 15. Kf2 Bc5 16. Bxc5 Qxc5+ 17. Kg3 Qg5+ 18. Kf2 Qc5+ 19. Kg3 Qg5+ 20. Kf2 Qc5+ 21. Kg3 Qg5+ 22. Kf2 Qc5+ 1/2-1/2

[Event "American Cup Blitz"]
[Site "Saint Louis"]
[Date "2025.03.24"]
[Round "5"]
[White "Ohanyan, Emin"]
[Black "Sevian, Samuel"]
[Result "0-1"]
[WhiteElo "2495"]
[BlackElo "2692"]
[PlyCount "77"]
[EventDate "2025.03.24"]
[EventType "swiss (blitz)"]
[EventRounds "9"]
[EventCountry "USA"]
[SourceTitle "CB14_2025"]
[SourceDate "2024.11.01"]
[SourceVersion "1"]
[SourceVersionDate "2024.11.01"]
[SourceQuality "1"]

1. e4 e6 2. d4 d5 3. Nc3 Nf6 4. Bg5 dxe4 5. Nxe4 Be7 6. Bxf6 gxf6 7. Qd2 a6 8. 0-0-0 b5 9. g4 Bb7 10. Bg2 Ra7 11. f4 Rg8 12. h3 Nd7 13. f5 exf5 14. Ng3 Bxg2 15. Qxg2 f4 16. Nf5 Kf8 17. Ne2 Bd6 18. Rhf1 Qa8 19. Qxa8+ Rxa8 20. Nxd6 cxd6 21. Nxf4 Rg5 22. Nh5 Rg6 23. Rde1 Rc8 24. Kd2 Rc7 25. Rf3 b4 26. a3 bxa3 27. Rxa3 Rc6 28. Rae3 Rc8 29. b3 f5 30. gxf5 Rg5 31. Ng3 Nf6 32. Rf3 d5 33. c3 h5 34. h4 Rg4 35. Re5 Rxh4 36. Kd3 Rh3 37. Ree3 Ng4 38. Re2 h4 39. Rg2 0-1

[Event "Wch U20 62nd"]
[Site "Petrovac"]
[Date "2025.03.04"]
[Round "8"]
[White "Ohanyan, Emin"]
[Black "Palczert, Matyas"]
[Result "1-0"]
[WhiteElo "2501"]
[BlackElo "2409"]
[PlyCount "57"]
[EventDate "2025.02.25"]
[EventType "swiss"]
[EventRounds "11"]
[EventCountry "MNE"]
[SourceTitle "CB11_2025"]
[SourceDate "2025.03.12"]
[SourceVersion "1"]
[SourceVersionDate "2025.03.12"]
[SourceQuality "1"]

1. Nf3 Nf6 2. g3 e6 3. Bg2 d5 4. 0-0 Be7 5. d3 0-0 6. Nbd2 Nc6 7. d4 Ne4 8. c3 f5 9. Ne1 Bd6 10. Nd3 Nxd2 11. Bxd2 Bd7 12. f3 Kh8 13. e4 dxe4 14. fxe4 e5 15. d5 Ne7 16. c4 c5 17. Bc3 Qc7 18. Qh5 b5 19. b3 bxc4 20. bxc4 Rae8 21. Rae1 Bc8 22. g4 Ba6 23. exf5 Bxc4 24. f6 Bxd3 25. Rxe5 Ng6 26. Re6 Bxf1 27. fxg7+ Kg8 28. gxf8Q+ Kxf8 29. Qf5+ 1-0

[Event "Wch U20 62nd"]
[Site "Petrovac"]
[Date "2025.02.28"]
[Round "4"]
[White "Ohanyan, Emin"]
[Black "Gong, Sunle"]
[Result "1-0"]
[WhiteElo "2501"]
[BlackElo "2407"]
[PlyCount "123"]
[EventDate "2025.02.25"]
[EventType "swiss"]
[EventRounds "11"]
[EventCountry "MNE"]
[SourceTitle "CB11_2025"]
[SourceDate "2025.03.12"]
[SourceVersion "1"]
[SourceVersionDate "2025.03.12"]
[SourceQuality "1"]

1. d4 d5 2. c4 e6 3. Nf3 Nf6 4. Nc3 Be7 5. Bf4 0-0 6. e3 Nbd7 7. Be2 dxc4 8. 0-0 Nb6 9. Qc2 Nbd5 10. Bg3 Nxc3 11. bxc3 b5 12. a4 c6 13. Ne5 Bb7 14. Rfb1 a6 15. Bf3 Qc8 16. Qb2 Ra7 17. axb5 cxb5 18. Bxb7 Qxb7 19. Nxc4 Ne4 20. Nd2 Rc8 21. Nxe4 Qxe4 22. h3 h5 23. Qe2 h4 24. f3 Qd5 25. Be1 Rc4 26. Qd3 Qc6 27. Rb2 g6 28. Qe4 Qb6 29. Rb3 a5 30. Rab1 b4 31. cxb4 a4 32. Ra3 Bxb4 33. Qd3 Rac7 34. Rxa4 Rc1 35. Rbxb4 Qd6 36. Qf1 Rd1 37. Rc4 Rb7 38. Rab4 Ra7 39. Ra4 Rb7 40. Rcb4 Rc7 41. Ra6 Qf8 42. Rb2 Qc8 43. Rab6 Rxe1 44. Qxe1 Rc1 45. Rb1 Rxe1+ 46. Rxe1 g5 47. Rb5 f5 48. Rc5 Qb8 49. e4 Qb4 50. Rd1 Qb3 51. Rdc1 Qe3+ 52. Kh1 fxe4 53. fxe4 Kg7 54. d5 exd5 55. exd5 Qd2 56. d6 Kg6 57. R5c2 Qd3 58. Rc3 Qd4 59. Rc7 Kh5 60. d7 Qd6 61. R1c6 Qd2 62. Re6 1-0

[Event "Wch U20 62nd"]
[Site "Petrovac"]
[Date "2025.02.25"]
[Round "1"]
[White "Casadio, Niccolo"]
[Black "Ohanyan, Emin"]
[Result "0-1"]
[WhiteElo "2269"]
[BlackElo "2501"]
[PlyCount "86"]
[EventDate "2025.02.25"]
[EventType "swiss"]
[EventRounds "11"]
[EventCountry "MNE"]
[SourceTitle "CB11_2025"]
[SourceDate "2025.03.12"]
[SourceVersion "1"]
[SourceVersionDate "2025.03.12"]
[SourceQuality "1"]

1. e4 e5 2. Nf3 Nc6 3. Bb5 a6 4. Ba4 Nf6 5. 0-0 Nxe4 6. d4 Be7 7. Re1 b5 8. Rxe4 d5 9. Rxe5 Nxe5 10. Nxe5 bxa4 11. Qe2 Qd6 12. b3 Qe6 13. Nc3 f6 14. Nf3 Qxe2 15. Nxe2 Bf5 16. c3 axb3 17. axb3 Kd7 18. Ba3 Bxa3 19. Rxa3 Rhe8 20. Ng3 Bc2 21. Nf1 Re2 22. Ng3 Re6 23. Nf1 Rae8 24. Ne3 Rxe3 25. fxe3 Rxe3 26. b4 Bd3 27. h4 Bb5 28. Kh2 Ke6 29. Kg3 Kf5 30. h5 g5 31. hxg6 hxg6 32. Kf2 Re2+ 33. Kg3 g5 34. Nh2 Re3+ 35. Kf2 Kf4 36. g4 Re2+ 37. Kg1 Bc4 38. Ra1 Kg3 39. Nf1+ Kh3 40. Rd1 Rg2+ 41. Kh1 Be2 42. Re1 Bf3 43. Re3 Rg3+ 0-1

[Event "Wch Blitz"]
[Site "New York"]
[Date "2024.12.30"]
[Round "12"]
[White "Larrea, Manuel"]
[Black "Ohanyan, Emin"]
[Result "0-1"]
[WhiteElo "2259"]
[BlackElo "2514"]
[PlyCount "48"]
[EventDate "2024.12.30"]
[EventType "swiss (blitz)"]
[EventRounds "13"]
[EventCountry "USA"]
[SourceTitle "CB01_2025"]
[SourceDate "2025.01.01"]
[SourceVersion "1"]
[SourceVersionDate "2025.01.01"]
[SourceQuality "1"]

1. e4 c5 2. Nf3 e6 3. d4 cxd4 4. Nxd4 Nf6 5. Nc3 Nc6 6. Ndb5 Bb4 7. a3 Bxc3+ 8. Nxc3 d5 9. exd5 exd5 10. Bd3 0-0 11. 0-0 Bg4 12. f3 d4 13. Ne2 Bh5 14. Nf4 Bg6 15. Nxg6 hxg6 16. Re1 Qb6 17. Bf4 Nd5 18. Bd2 Rfe8 19. b4 Ne3 20. Qb1 Ne5 21. Qb3 Rac8 22. c4 Qf6 23. c5 Nxf3+ 24. gxf3 Qg5+ 0-1

[Event "Wch Blitz"]
[Site "New York"]
[Date "2024.12.30"]
[Round "4"]
[White "Nakamura, Hikaru"]
[Black "Ohanyan, Emin"]
[Result "1-0"]
[WhiteElo "2802"]
[BlackElo "2514"]
[PlyCount "81"]
[EventDate "2024.12.30"]
[EventType "swiss (blitz)"]
[EventRounds "13"]
[EventCountry "USA"]
[SourceTitle "CB01_2025"]
[SourceDate "2025.01.01"]
[SourceVersion "1"]
[SourceVersionDate "2025.01.01"]
[SourceQuality "1"]

1. e4 c5 2. Nf3 e6 3. c3 d5 4. exd5 exd5 5. d4 Nc6 6. Be3 cxd4 7. Nxd4 Nf6 8. Be2 Be7 9. Nd2 0-0 10. 0-0 h6 11. Re1 Re8 12. Qc2 Bd7 13. Rad1 a6 14. N2f3 Qc7 15. h3 Rad8 16. Bf1 Bf8 17. Nxc6 Bxc6 18. Qb3 b5 19. Qc2 Ne4 20. Nd4 Bd7 21. Nf3 Bc8 22. a4 b4 23. c4 dxc4 24. Rxd8 Qxd8 25. Bxc4 Nd6 26. Bd3 a5 27. Rd1 Qf6 28. Bd4 Qf4 29. Qc1 Qxc1 30. Rxc1 Bd7 31. Ra1 Rc8 32. Bb6 b3 33. Ne5 Be8 34. Bxa5 Ra8 35. Bc3 Rxa4 36. Rd1 Ne4 37. Bxe4 Rxe4 38. Rd8 f6 39. f3 Re3 40. Rxe8 fxe5 41. Bb4 1-0

[Event "Wch Blitz"]
[Site "New York"]
[Date "2024.12.30"]
[Round "5"]
[White "Ohanyan, Emin"]
[Black "Kadric, Denis"]
[Result "1/2-1/2"]
[WhiteElo "2514"]
[BlackElo "2544"]
[PlyCount "93"]
[EventDate "2024.12.30"]
[EventType "swiss (blitz)"]
[EventRounds "13"]
[EventCountry "USA"]
[SourceTitle "CB01_2025"]
[SourceDate "2025.01.01"]
[SourceVersion "1"]
[SourceVersionDate "2025.01.01"]
[SourceQuality "1"]

1. e4 d6 2. d4 Nf6 3. Nc3 e5 4. Nf3 Nbd7 5. Bc4 Be7 6. 0-0 0-0 7. Re1 c6 8. a4 h6 9. h3 Re8 10. Ba2 a5 11. Be3 exd4 12. Bxd4 Nf8 13. e5 dxe5 14. Nxe5 Be6 15. Bxe6 Nxe6 16. Be3 Bb4 17. Nd3 Bxc3 18. bxc3 Nd5 19. Bd2 Qf6 20. Qb1 Rab8 21. c4 Ndf4 22. Bxf4 Nxf4 23. Rxe8+ Rxe8 24. Nxf4 Qxf4 25. Qxb7 Qxc4 26. Qb3 Qd4 27. c3 Qd2 28. g3 Re2 29. Rd1 Re1+ 30. Rxe1 Qxe1+ 31. Kg2 Qe4+ 32. Kg1 g6 33. Qd1 Qd5 34. Qxd5 cxd5 35. Kf1 Kg7 36. Ke2 Kf6 37. Kd3 Ke5 38. f4+ Ke6 39. c4 Kd6 40. Kd4 dxc4 41. Kxc4 Kc6 42. g4 g5 43. fxg5 hxg5 44. Kd4 Kd6 45. Kc4 Kc6 46. Kd4 Kd6 47. Kc4 1/2-1/2

[Event "Wch Blitz"]
[Site "New York"]
[Date "2024.12.30"]
[Round "3"]
[White "Ohanyan, Emin"]
[Black "Van Foreest, Jorden"]
[Result "1-0"]
[WhiteElo "2514"]
[BlackElo "2677"]
[PlyCount "131"]
[EventDate "2024.12.30"]
[EventType "swiss (blitz)"]
[EventRounds "13"]
[EventCountry "USA"]
[SourceTitle "CB01_2025"]
[SourceDate "2025.01.01"]
[SourceVersion "1"]
[SourceVersionDate "2025.01.01"]
[SourceQuality "1"]

1. e4 c5 2. Nf3 e6 3. d4 cxd4 4. Nxd4 Nc6 5. Nc3 Qc7 6. Be2 a6 7. Nxc6 bxc6 8. Qd3 Nf6 9. Qg3 Qxg3 10. hxg3 d5 11. g4 Bb4 12. Bd2 d4 13. Nd1 Bxd2+ 14. Kxd2 Nxe4+ 15. Kd3 Nf6 16. g5 Nd5 17. Kxd4 Bb7 18. c4 Nf4 19. Bf3 0-0-0+ 20. Kc3 c5 21. Bxb7+ Kxb7 22. Ne3 Ne2+ 23. Kc2 Nd4+ 24. Kc3 f5 25. gxf6 gxf6 26. Rad1 h5 27. g3 Kc6 28. b4 cxb4+ 29. Kxb4 e5 30. Nd5 f5 31. Kc3 Rb8 32. Rb1 Rxb1 33. Rxb1 h4 34. gxh4 Rxh4 35. Rb8 Rh3+ 36. Kd2 Ra3 37. Rc8+ Kd6 38. Rd8+ Kc5 39. Rc8+ Kd6 40. Rd8+ Kc6 41. Rc8+ Kd7 42. Nb6+ Ke6 43. c5 Rxa2+ 44. Kd3 Rb2 45. Re8+ Kf6 46. Nd5+ Kg5 47. f4+ Kg4 48. fxe5 Nc6 49. e6 f4 50. e7 Nxe7 51. Rxe7 f3 52. Rf7 f2 53. c6 Rb3+ 54. Ke2 Rb2+ 55. Kf1 Kg3 56. c7 Rc2 57. Ne3 Rc1+ 58. Ke2 a5 59. Nf1+ Kg4 60. Ne3+ Kg5 61. Nd5 a4 62. Rxf2 a3 63. Ke3 Rc4 64. Ra2 Kf5 65. Rxa3 Ke6 66. Ra8 1-0

[Event "Wch Rapid"]
[Site "New York"]
[Date "2024.12.28"]
[Round "11"]
[White "Lou, Yiping"]
[Black "Ohanyan, Emin"]
[Result "0-1"]
[WhiteElo "2471"]
[BlackElo "2295"]
[PlyCount "134"]
[EventDate "2024.12.26"]
[EventType "swiss (rapid)"]
[EventRounds "13"]
[EventCountry "USA"]
[SourceTitle "CB01_2025"]
[SourceDate "2025.01.01"]
[SourceVersion "1"]
[SourceVersionDate "2025.01.01"]
[SourceQuality "1"]

1. Nf3 d5 2. g3 g6 3. c4 dxc4 4. Qa4+ Nc6 5. Qxc4 Bg7 6. d3 e5 7. Bg2 Nge7 8. 0-0 0-0 9. Nc3 Nd4 10. Bg5 c6 11. Nxd4 exd4 12. Ne4 h6 13. Bf6 Bxf6 14. Nxf6+ Kg7 15. Ne4 Be6 16. Qc5 f6 17. b4 b6 18. Qc2 Rc8 19. Rfc1 f5 20. Nd2 Nd5 21. Bxd5 Bxd5 22. Qb2 Qf6 23. Nb3 Rce8 24. Nxd4 Kh7 25. e3 f4 26. e4 Bxe4 27. dxe4 Rxe4 28. Rxc6 Qxd4 29. Rc7+ Kg8 30. Qb3+ Kh8 31. Rd1 fxg3 32. Qc3 gxf2+ 33. Kf1 Qxc3 34. Rxc3 Rg4 35. Rg3 Rxg3 36. hxg3 Kg7 37. a4 h5 38. a5 bxa5 39. bxa5 a6 40. Rb1 Rf5 41. Rb6 Rxa5 42. Kxf2 Kh6 43. Kg2 Kg5 44. Kh3 Ra3 45. Rc6 Ra5 46. Rb6 Ra2 47. Rc6 a5 48. Rc5+ Kh6 49. Rd5 g5 50. Rd6+ Kg7 51. Ra6 Ra3 52. Kg2 g4 53. Rc6 Ra2+ 54. Kf1 a4 55. Rc4 a3 56. Rc3 Kf6 57. Re3 Kg5 58. Kg1 Kf5 59. Kf1 h4 60. gxh4 Kf4 61. Rb3 g3 62. Kg1 Kg4 63. h5 Kh3 64. Rb1 Rb2 65. Rf1 Rg2+ 66. Kh1 Rh2+ 67. Kg1 Rh1+ 0-1

[Event "Wch Rapid"]
[Site "New York"]
[Date "2024.12.26"]
[Round "5"]
[White "Pichot, Alan"]
[Black "Ohanyan, Emin"]
[Result "1-0"]
[WhiteElo "2591"]
[BlackElo "2295"]
[PlyCount "103"]
[EventDate "2024.12.26"]
[EventType "swiss (rapid)"]
[EventRounds "13"]
[EventCountry "USA"]
[SourceTitle "CB01_2025"]
[SourceDate "2025.01.01"]
[SourceVersion "1"]
[SourceVersionDate "2025.01.01"]
[SourceQuality "1"]

1. e4 c5 2. Nf3 e6 3. d4 cxd4 4. Nxd4 Nf6 5. Nc3 Nc6 6. g3 d5 7. Bg2 Qb6 8. Nb3 d4 9. e5 Nd7 10. Ne2 d3 11. cxd3 Bb4+ 12. Nc3 Ndxe5 13. d4 Ng6 14. 0-0 0-0 15. d5 Bxc3 16. dxc6 Bf6 17. Be3 Qc7 18. Rc1 b6 19. Qe2 e5 20. Nd2 Be6 21. Ne4 Be7 22. Nc3 a6 23. Nd5 Bxd5 24. Bxd5 Rfd8 25. Rfd1 Rd6 26. Qc4 Bf8 27. a4 Rad8 28. Qb3 Rb8 29. h4 b5 30. h5 bxa4 31. Qb7 Rxb7 32. cxb7 Qb8 33. hxg6 Rxd5 34. Rxd5 Qxb7 35. Rd8 hxg6 36. Rcc8 g5 37. Rxf8+ Kh7 38. Rb8 Qf3 39. Bxg5 Qd1+ 40. Kg2 Qd5+ 41. Kh2 Kg6 42. Be3 Qf3 43. Rb6+ f6 44. Rxa6 Qh5+ 45. Kg2 e4 46. Rd8 Qf3+ 47. Kg1 Qe2 48. Rxa4 Qxb2 49. Ra7 Qb3 50. Kg2 f5 51. Rd6+ Kh5 52. Rxg7 1-0

[Event "Yerevan op-A 6th"]
[Site "Yerevan"]
[Date "2024.12.11"]
[Round "9"]
[White "Lisenkov, Svyatoslav"]
[Black "Ohanyan, Emin"]
[Result "1/2-1/2"]
[WhiteElo "2176"]
[BlackElo "2514"]
[PlyCount "100"]
[EventDate "2024.12.05"]
[EventType "swiss"]
[EventRounds "9"]
[EventCountry "ARM"]
[SourceTitle "CB51_2024"]
[SourceDate "2024.12.18"]
[SourceVersion "1"]
[SourceVersionDate "2024.12.18"]
[SourceQuality "1"]

1. e4 c5 2. Nf3 Nc6 3. Bb5 e6 4. 0-0 Nge7 5. Re1 Nd4 6. Nxd4 cxd4 7. c3 a6 8. Bf1 Nc6 9. b4 Be7 10. Bb2 0-0 11. a3 d5 12. d3 Bf6 13. cxd4 Bxd4 14. Bxd4 Nxd4 15. Nc3 Qg5 16. Qc1 Qg6 17. Qd1 b6 18. Rc1 Bb7 19. exd5 Rad8 20. Re4 Qf6 21. Qg4 Nf5 22. dxe6 Bxe4 23. dxe4 Nh6 24. exf7+ Qxf7 25. Qg3 b5 26. Nd5 Ng4 27. Rc2 Qe6 28. f3 Ne5 29. Rc5 Qd6 30. f4 Ng6 31. f5 Ne5 32. f6 Ng6 33. Ne7+ Kf7 34. Qxd6 Rxd6 35. fxg7 Kxe7 36. gxf8Q+ Nxf8 37. e5 Rb6 38. Bd3 Nd7 39. Rd5 Ke6 40. Rd6+ Rxd6 41. exd6 h6 42. Kf2 Kxd6 43. Ke3 Ke5 44. Be4 Nb6 45. Bb7 a5 46. bxa5 Nc4+ 47. Ke2 Nxa5 48. Ba6 Nc6 49. Ke3 b4 50. axb4 Nxb4 1/2-1/2

[Event "Yerevan op-A 6th"]
[Site "Yerevan"]
[Date "2024.12.09"]
[Round "7"]
[White "Ohanyan, Emin"]
[Black "Omidi, Arya"]
[Result "0-1"]
[WhiteElo "2514"]
[BlackElo "2311"]
[PlyCount "82"]
[EventDate "2024.12.05"]
[EventType "swiss"]
[EventRounds "9"]
[EventCountry "ARM"]
[SourceTitle "CB51_2024"]
[SourceDate "2024.12.18"]
[SourceVersion "1"]
[SourceVersionDate "2024.12.18"]
[SourceQuality "1"]

1. e4 c5 2. Nf3 d6 3. d4 cxd4 4. Nxd4 Nf6 5. Nc3 a6 6. Bg5 Nbd7 7. Bc4 Qb6 8. 0-0 Qc5 9. Bd5 e6 10. Re1 Be7 11. Be3 Qa5 12. Bb3 0-0 13. f4 Nc5 14. Qf3 Qc7 15. g4 Nfd7 16. g5 b5 17. Bd5 Bb7 18. Bxb7 Qxb7 19. b4 Na4 20. Nxa4 bxa4 21. Bf2 Rfc8 22. c3 g6 23. Re3 e5 24. Ne2 a5 25. a3 axb4 26. axb4 Rc4 27. h4 Bd8 28. Rd3 exf4 29. Rd5 Bb6 30. Qxf4 Bxf2+ 31. Kxf2 Re8 32. Qxd6 Rcxe4 33. Ng3 R4e7 34. Rxa4 Nb6 35. Rb5 Re3 36. Qf4 Qd7 37. Qxe3 Rxe3 38. Kxe3 Qxb5 39. Ra1 Qe5+ 40. Ne4 Nc4+ 41. Kd3 Qd5+ 0-1

[Event "Yerevan op-A 6th"]
[Site "Yerevan"]
[Date "2024.12.08"]
[Round "6"]
[White "Zakaryan, David"]
[Black "Ohanyan, Emin"]
[Result "1/2-1/2"]
[WhiteElo "2279"]
[BlackElo "2514"]
[PlyCount "67"]
[EventDate "2024.12.05"]
[EventType "swiss"]
[EventRounds "9"]
[EventCountry "ARM"]
[SourceTitle "CB51_2024"]
[SourceDate "2024.12.18"]
[SourceVersion "1"]
[SourceVersionDate "2024.12.18"]
[SourceQuality "1"]

1. e4 c6 2. d4 d5 3. e5 Bf5 4. h4 h5 5. Bd3 Bxd3 6. Qxd3 e6 7. Nf3 Qa5+ 8. Nbd2 Qa6 9. c4 Nh6 10. 0-0 Nf5 11. b3 Be7 12. a4 0-0 13. Ba3 Bxa3 14. Rxa3 Qa5 15. Rb1 Qb4 16. Ra2 a5 17. Nf1 Qe7 18. Ng3 Nxh4 19. Nxh5 Nd7 20. Re2 g6 21. Nf4 Kg7 22. Rc1 Rh8 23. cxd5 Nxf3+ 24. Qxf3 Qh4 25. Nh3 exd5 26. e6 Nf6 27. exf7 Ne4 28. Qf4 Qxf4 29. Nxf4 Kxf7 30. Rce1 Rae8 31. f3 Nd6 32. g4 Rxe2 33. Rxe2 g5 34. Nd3 1/2-1/2

[Event "Julius Baer GenCup Pl/In"]
[Site "Chess.com INT"]
[Date "2024.09.25"]
[Round "5"]
[White "Naroditsky, Daniel"]
[Black "Ohanyan, Emin"]
[Result "1-0"]
[WhiteElo "2619"]
[BlackElo "2514"]
[PlyCount "91"]
[EventDate "2024.09.25"]
[EventType "swiss (rapid)"]
[EventRounds "9"]
[EventCountry "GER"]
[SourceTitle "EXT 2025"]
[Source "ChessBase"]
[SourceDate "2024.10.14"]
[SourceVersion "1"]
[SourceVersionDate "2024.10.14"]
[SourceQuality "1"]

1. e4 c5 2. c3 d5 3. exd5 Qxd5 4. d4 Nf6 5. Nf3 e6 6. Na3 a6 7. Nc4 Nbd7 8. Be2 b5 9. Ne3 Qd6 10. a4 Rb8 11. axb5 axb5 12. 0-0 Be7 13. Ra5 c4 14. d5 Qb6 15. b4 cxb3 16. Rxb5 Qc7 17. dxe6 fxe6 18. Qxb3 Nc5 19. Qc2 0-0 20. Rxb8 Qxb8 21. Bb2 Bb7 22. Nd4 Be4 23. Qc1 Bd6 24. g3 Bd3 25. Ba3 Bxe2 26. Nxe2 Nb3 27. Qb2 Bxa3 28. Qxa3 Nd2 29. Ra1 Nf3+ 30. Kg2 Qb7 31. Qa6 Qe4 32. Ra4 Ne1+ 33. Kh3 Qf3 34. Rf4 Qh5+ 35. Rh4 Qf3 36. Qxe6+ Kh8 37. Nd4 Qxf2 38. Rf4 Qg1 39. Rf1 Qxf1+ 40. Nxf1 Nd3 41. Kg2 Re8 42. Qf7 Ne1+ 43. Kg1 h6 44. Nf5 Nf3+ 45. Kg2 Ne1+ 46. Kh3 1-0

[Event "Budapest FS09 GM"]
[Site "Budapest"]
[Date "2024.09.14"]
[Round "9"]
[White "Ohanyan, Emin"]
[Black "Citak, Selim"]
[Result "1/2-1/2"]
[WhiteElo "2514"]
[BlackElo "2416"]
[PlyCount "68"]
[EventDate "2024.09.07"]
[EventType "tourn"]
[EventRounds "9"]
[EventCountry "HUN"]
[EventCategory "6"]
[SourceTitle "EXT 2025"]
[Source "ChessBase"]
[SourceDate "2024.10.14"]
[SourceVersion "1"]
[SourceVersionDate "2024.10.14"]
[SourceQuality "1"]

1. d4 Nf6 2. Nf3 d5 3. Bf4 c5 4. e3 Nc6 5. Nbd2 cxd4 6. exd4 Bf5 7. c3 e6 8. Qb3 Bd6 9. Qxb7 Bxf4 10. Qxc6+ Kf8 11. Be2 Rb8 12. Nb3 Rb6 13. Qa4 Qc7 14. 0-0 h5 15. Nc5 g5 16. Bd3 g4 17. Ne5 Bxe5 18. dxe5 Qxc5 19. Bxf5 Ne8 20. Bd3 Rxb2 21. Rab1 Qxc3 22. Rxb2 Qxb2 23. Qxa7 Qxe5 24. a4 Kg7 25. a5 Nd6 26. a6 Nc4 27. Qb7 Rb8 28. Qc6 Qd4 29. Bxc4 dxc4 30. g3 c3 31. a7 Qxa7 32. Qxc3+ Kg6 33. Qd3+ Kg7 34. Qc3+ Kg6 1/2-1/2